000 00751nam a22002175i 4500
001 168958
003 ES-MaACL
005 20250625165411.0
008 080707q2000 sp |||| | spa d
080 _a929 Molina, Mercedes
245 0 0 _aLibre para la entrega :
_bMercedes Molina /
_c[guión, Victòria Molins ; ilustraciones, Letícia Ruíz].
260 _aBarcelona :
_bClaret,
_c[ca. 2000]
300 _a31 p. :
_bil. ;
_c21 cm.
500 _a25 años de las Marianitas en España.
600 1 7 _aMolina, Mercedes,
_d1828-1883
_2
_9138076
700 1 _aMolins, Victòria.
_9138078
700 1 _aRuíz, Letícia.
_9138079
710 2 _aInstituto Santa Mariana de Jesús.
_9138080
852 4 _aES-MaACL
_j2241-F-21
999 _c168958
_d168958